000 00413nam a2200181Ia 4500
001 710
005 20260306140538.0
008 260306t2019||||xx |||||||||||||| ||spa||
041 _aESP
082 _a142.7
_bZ18
100 _aZahavi, Dan
_eAUT
245 0 _aPhenomenology :
_bthe basics
260 _c2019
300 _ax, 158 páginas :
_c20 cm.
650 _aGEN
654 _aCHU
942 _cLIB
_dJUS
_fJUS
_2ddc
_n
999 _c710
_d710